[Event "Deutsche Ländermeisterschaft 2021"]
[Site "Neumünster GER"]
[Date "2021.10.02"]
[Round "2"]
[White "Musiolik, David"]
[Black "Kolb, Tobias"]
[Result "0-1"]
[Termination "normal"]
[Board "1.2"]
[BlackTitle "FM"]
[WhiteElo "2200"]
[BlackElo "2311"]
[WhiteClock "00:04:12"]
[BlackClock "00:27:20"]
[WhiteTeam "Rheinland-Pfalz"]
[BlackTeam "Bayern"]
[PlyCount "144"]
[WhiteFideId "12972355"]
[BlackFideId "12992321"]
[EventCountry "GER"]
[EventRounds "7"]
[EventType "team-swiss"]
[EventDate "2021.10.01"]

1. Nf3 {[%clk 1:30:47]} d5 {[%clk 1:30:47]} 2. g3 {[%clk 1:31:06]} Nf6 {[%clk
1:31:12]} 3. Bg2 {[%clk 1:31:26]} e6 {[%clk 1:30:42]} 4. c4 {[%clk 1:31:41]}
Be7 {[%clk 1:31:07]} 5. O-O {[%clk 1:31:52]} O-O {[%clk 1:31:26]} 6. cxd5 exd5
{[%clk 1:31:36]} 7. b3 {[%clk 1:31:49]} Bf5 {[%clk 1:28:35]} 8. Bb2 {[%clk
1:31:22]} h6 {[%clk 1:28:51]} 9. d3 {[%clk 1:27:52]} c6 {[%clk 1:25:09]} 10.
Re1 {[%clk 1:26:49]} Nbd7 {[%clk 1:25:10]} 11. Nc3 {[%clk 1:22:37]} Bh7 {[%clk
1:24:59]} 12. e4 {[%clk 1:09:09]} dxe4 {[%clk 1:13:14]} 13. dxe4 {[%clk
1:09:30]} Bb4 {[%clk 1:10:34]} 14. Nd4 {[%clk 0:58:57]} Re8 {[%clk 1:08:28]}
15. f3 {[%clk 0:50:08]} Qa5 {[%clk 0:46:29]} 16. Qd2 {[%clk 0:34:14]} Rad8
{[%clk 0:43:42]} 17. a3 {[%clk 0:32:22]} Bf8 {[%clk 0:42:30]} 18. Rad1 {[%clk
0:30:17]} Ne5 {[%clk 0:34:33]} 19. b4 {[%clk 0:26:45]} Qc7 {[%clk 0:19:47]} 20.
Qe2 {[%clk 0:17:52]} c5 {[%clk 0:15:26]} 21. Ndb5 {[%clk 0:09:44]} Qb8 {[%clk
0:15:31]} 22. bxc5 {[%clk 0:07:18]} Bxc5+ {[%clk 0:15:03]} 23. Kh1 {[%clk
0:07:36]} a6 {[%clk 0:15:04]} 24. Na4 {[%clk 0:07:38]} Bf8 {[%clk 0:15:14]} 25.
Nd4 {[%clk 0:07:26]} b5 {[%clk 0:14:08]} 26. Nc3 {[%clk 0:07:35]} Qb6 {[%clk
0:12:09]} 27. Na2 {[%clk 0:02:59]} Nc4 {[%clk 0:08:42]} 28. a4 {[%clk 0:02:38]}
Bc5 {[%clk 0:08:32]} 29. a5 {[%clk 0:01:13]} Nxa5 {[%clk 0:07:08]} 30. Nc2
{[%clk 0:01:07]} Nc4 {[%clk 0:07:34]} 31. Bxf6 {[%clk 0:00:47]} Qxf6 {[%clk
0:07:58]} 32. Nab4 {[%clk 0:00:44]} Bg6 {[%clk 0:00:52]} 33. Nd5 {[%clk
0:00:57]} Qd6 34. Nde3 {[%clk 0:00:47]} Qe6 {[%clk 0:01:12]} 35. Nxc4 {[%clk
0:00:52]} Qxc4 {[%clk 0:01:59]} 36. Qxc4 {[%clk 0:01:01]} bxc4 {[%clk 0:02:26]}
37. Bf1 {[%clk 0:01:11]} Bf2 {[%clk 0:01:34]} 38. Rxd8 {[%clk 0:01:02]} Rxd8
{[%clk 0:02:00]} 39. Rc1 {[%clk 0:00:45]} c3 {[%clk 0:01:53]} 40. Bxa6 {[%clk
0:00:40]} Rd2 {[%clk 0:01:19]} 41. Nb4 {[%clk 0:12:23]} Bc5 {[%clk 0:29:42]}
42. Nc2 {[%clk 0:10:23]} Rf2 {[%clk 0:28:30]} 43. Ne1 {[%clk 0:09:59]} Bd4
{[%clk 0:27:51]} 44. Bd3 {[%clk 0:06:49]} Rd2 {[%clk 0:25:13]} 45. Rc2 {[%clk
0:05:52]} Bf2 {[%clk 0:25:26]} 46. Rxc3 {[%clk 0:05:07]} Bxe1 {[%clk 0:25:52]}
47. Rb3 {[%clk 0:05:02]} Rf2 {[%clk 0:25:52]} 48. Bb1 {[%clk 0:05:07]} Rd2
{[%clk 0:22:39]} 49. Kg1 {[%clk 0:05:06]} Bf2+ {[%clk 0:23:02]} 50. Kh1 {[%clk
0:04:46]} Bd4 {[%clk 0:23:27]} 51. Rb4 {[%clk 0:03:54]} h5 {[%clk 0:23:11]} 52.
Rb3 {[%clk 0:04:03]} h4 {[%clk 0:23:26]} 53. Rd3 {[%clk 0:03:57]} Rxd3 {[%clk
0:23:45]} 54. Bxd3 {[%clk 0:04:22]} f6 {[%clk 0:23:16]} 55. Kg2 {[%clk
0:04:44]} hxg3 {[%clk 0:23:42]} 56. hxg3 {[%clk 0:04:58]} Kf7 {[%clk 0:23:53]}
57. Kh3 {[%clk 0:05:00]} Ke7 {[%clk 0:24:10]} 58. Kg4 {[%clk 0:04:42]} Bf7
{[%clk 0:24:37]} 59. f4 {[%clk 0:04:57]} Kd6 {[%clk 0:25:01]} 60. Kf3 {[%clk
0:03:01]} Kc5 {[%clk 0:25:12]} 61. Bb1 {[%clk 0:03:09]} Bc3 {[%clk 0:25:25]}
62. Bc2 {[%clk 0:03:12]} Kd4 {[%clk 0:25:51]} 63. Ba4 {[%clk 0:03:34]} Bd2
{[%clk 0:24:55]} 64. Bc6 {[%clk 0:03:41]} Be1 {[%clk 0:24:29]} 65. Kg4 {[%clk
0:03:24]} Be6+ {[%clk 0:24:29]} 66. Kf3 {[%clk 0:02:46]} Bb3 {[%clk 0:24:55]}
67. Kg4 {[%clk 0:02:54]} Bd1+ {[%clk 0:25:16]} 68. Kf5 {[%clk 0:02:46]} Bxg3
{[%clk 0:25:41]} 69. Kg6 {[%clk 0:03:11]} Bxf4 {[%clk 0:26:06]} 70. Kxg7 {[%clk
0:03:37]} Ke5 {[%clk 0:26:30]} 71. Kg6 {[%clk 0:03:54]} Bc2 {[%clk 0:26:55]}
72. Bb7 {[%clk 0:04:12]} Bg5 {[%clk 0:27:20]} 0-1

[Event "Deutsche Ländermeisterschaft 2021"]
[Site "Neumünster GER"]
[Date "2021.10.02"]
[Round "2"]
[White "Weller, Uli"]
[Black "Hinrichs, Paul"]
[Result "1/2-1/2"]
[Termination "normal"]
[Board "1.3"]
[WhiteElo "2188"]
[BlackElo "2244"]
[WhiteClock "00:01:47"]
[BlackClock "00:00:59"]
[WhiteTeam "Bayern"]
[BlackTeam "Rheinland-Pfalz"]
[PlyCount "80"]
[WhiteFideId "12971782"]
[BlackFideId "12942545"]
[EventCountry "GER"]
[EventRounds "7"]
[EventType "team-swiss"]
[EventDate "2021.10.01"]

1. e4 {[%clk 1:30:55]} e5 {[%clk 1:30:56]} 2. Nc3 {[%clk 1:31:18]} Nf6 {[%clk
1:31:18]} 3. f4 {[%clk 1:31:40]} d5 {[%clk 1:31:36]} 4. fxe5 {[%clk 1:32:02]}
Nxe4 {[%clk 1:31:56]} 5. Qf3 {[%clk 1:32:23]} f5 {[%clk 1:27:54]} 6. d3 {[%clk
1:31:16]} Nxc3 {[%clk 1:27:18]} 7. bxc3 {[%clk 1:31:38]} Be7 {[%clk 1:24:58]}
8. d4 {[%clk 1:23:42]} O-O {[%clk 1:22:59]} 9. Ne2 {[%clk 1:22:16]} c6 {[%clk
1:20:31]} 10. h4 {[%clk 1:04:15]} Na6 {[%clk 1:18:55]} 11. Qg3 {[%clk 0:50:17]}
Nc7 {[%clk 1:10:33]} 12. Nf4 {[%clk 0:47:46]} Ne6 {[%clk 0:55:13]} 13. Be2
{[%clk 0:41:19]} Kh8 {[%clk 0:53:58]} 14. h5 {[%clk 0:40:00]} Nxf4 {[%clk
0:54:13]} 15. Bxf4 {[%clk 0:40:10]} Be6 {[%clk 0:53:54]} 16. O-O {[%clk
0:36:08]} c5 {[%clk 0:51:22]} 17. Rab1 {[%clk 0:27:14]} b6 {[%clk 0:51:14]} 18.
Qe3 {[%clk 0:22:17]} Rc8 {[%clk 0:50:15]} 19. Bd3 {[%clk 0:19:22]} Qe8 {[%clk
0:47:41]} 20. Bg5 {[%clk 0:14:46]} Rc7 {[%clk 0:42:46]} 21. Bxe7 {[%clk
0:13:07]} Qxe7 {[%clk 0:43:06]} 22. Rf3 {[%clk 0:10:28]} Qh4 {[%clk 0:40:57]}
23. Rh3 {[%clk 0:08:37]} Qg4 {[%clk 0:40:00]} 24. Qf2 {[%clk 0:07:15]} Qg5
{[%clk 0:35:37]} 25. Rf1 {[%clk 0:06:48]} c4 {[%clk 0:31:58]} 26. Be2 {[%clk
0:07:05]} f4 {[%clk 0:31:44]} 27. Qh4 {[%clk 0:07:05]} h6 {[%clk 0:31:26]} 28.
Qxg5 {[%clk 0:07:00]} hxg5 {[%clk 0:31:48]} 29. Rhf3 {[%clk 0:07:13]} Rcf7
{[%clk 0:31:27]} 30. g3 {[%clk 0:03:08]} Bh3 {[%clk 0:27:02]} 31. Re1 {[%clk
0:02:43]} Bg4 {[%clk 0:26:27]} 32. gxf4 {[%clk 0:00:51]} gxf4 {[%clk 0:21:54]}
33. Rf2 {[%clk 0:01:11]} f3 {[%clk 0:20:56]} 34. Bd1 {[%clk 0:01:40]} Rf4
{[%clk 0:19:34]} 35. Kh2 {[%clk 0:01:37]} Bxh5 {[%clk 0:19:18]} 36. Kg3 {[%clk
0:01:35]} Rg4+ {[%clk 0:19:32]} 37. Kh3 {[%clk 0:01:56]} Re4 {[%clk 0:19:57]}
38. Ref1 {[%clk 0:01:36]} g5 {[%clk 0:17:05]} 39. Kg3 {[%clk 0:01:41]} Rg4+
{[%clk 0:16:13]} 40. Kh3 {[%clk 0:01:47]} Rh4+ {[%clk 0:00:59]} 1/2-1/2

[Event "Deutsche Ländermeisterschaft 2021"]
[Site "Neumünster GER"]
[Date "2021.10.02"]
[Round "2"]
[White "Reitz, Theresa"]
[Black "Butenandt, Svenja"]
[Result "0-1"]
[Termination "normal"]
[Board "1.4"]
[WhiteElo "1848"]
[BlackElo "2009"]
[WhiteClock "00:05:30"]
[BlackClock "00:21:14"]
[WhiteTeam "Rheinland-Pfalz"]
[BlackTeam "Bayern"]
[PlyCount "80"]
[WhiteFideId "12971901"]
[BlackFideId "12993859"]
[EventCountry "GER"]
[EventRounds "7"]
[EventType "team-swiss"]
[EventDate "2021.10.01"]

1. Nf3 {[%clk 1:30:54]} Nf6 {[%clk 1:30:53]} 2. g3 {[%clk 1:31:20]} d5 {[%clk
1:31:03]} 3. Bg2 {[%clk 1:31:39]} e6 {[%clk 1:30:55]} 4. O-O {[%clk 1:31:20]}
Nbd7 {[%clk 1:28:30]} 5. d4 {[%clk 1:29:28]} b5 {[%clk 1:28:41]} 6. a4 {[%clk
1:29:11]} b4 {[%clk 1:29:01]} 7. a5 Ba6 {[%clk 1:27:25]} 8. Re1 {[%clk
1:27:53]} Be7 {[%clk 1:25:47]} 9. Nbd2 {[%clk 1:26:14]} O-O {[%clk 1:24:09]}
10. c4 {[%clk 1:21:30]} bxc3 {[%clk 1:23:04]} 11. bxc3 {[%clk 1:21:44]} c5
{[%clk 1:18:04]} 12. Qa4 {[%clk 1:19:10]} Rc8 {[%clk 1:15:44]} 13. Ba3 {[%clk
1:16:01]} Re8 {[%clk 1:10:58]} 14. Rad1 {[%clk 1:06:26]} Qc7 {[%clk 1:06:31]}
15. c4 {[%clk 0:51:41]} cxd4 {[%clk 0:58:19]} 16. Bxe7 {[%clk 0:50:23]} Rxe7
{[%clk 0:58:43]} 17. cxd5 {[%clk 0:49:21]} Nxd5 {[%clk 0:59:04]} 18. Nxd4
{[%clk 0:44:26]} Nc3 {[%clk 0:55:31]} 19. Qa3 {[%clk 0:43:44]} Nxd1 {[%clk
0:50:00]} 20. Qxe7 {[%clk 0:42:57]} Nc3 {[%clk 0:47:56]} 21. N2b3 {[%clk
0:38:19]} Nc5 {[%clk 0:43:40]} 22. Qxc7 {[%clk 0:34:39]} Rxc7 {[%clk 0:44:07]}
23. Bf3 {[%clk 0:32:13]} e5 {[%clk 0:42:28]} 24. Nxc5 {[%clk 0:29:25]} Rxc5
{[%clk 0:41:54]} 25. Nc2 {[%clk 0:26:00]} e4 {[%clk 0:38:42]} 26. Bg4 {[%clk
0:25:09]} f5 {[%clk 0:38:28]} 27. Nb4 {[%clk 0:23:56]} Bb5 {[%clk 0:38:18]} 28.
Bh3 {[%clk 0:23:01]} Nxe2+ {[%clk 0:38:31]} 29. Kh1 {[%clk 0:22:26]} Nd4 {[%clk
0:37:28]} 30. Bg2 {[%clk 0:16:48]} Be2 {[%clk 0:34:56]} 31. a6 {[%clk 0:15:29]}
Rb5 {[%clk 0:33:03]} 32. Na2 {[%clk 0:14:05]} Rb2 {[%clk 0:30:23]} 33. Nc3
{[%clk 0:13:11]} Bxa6 {[%clk 0:30:45]} 34. Ra1 {[%clk 0:12:41]} Bd3 {[%clk
0:31:08]} 35. h3 {[%clk 0:09:44]} a6 {[%clk 0:30:13]} 36. Kg1 {[%clk 0:06:57]}
Nc2 {[%clk 0:22:39]} 37. Rc1 {[%clk 0:05:55]} a5 {[%clk 0:21:14]} 38. Nd5
{[%clk 0:06:13]} Kf7 {[%clk 0:21:03]} 39. Ne3 {[%clk 0:05:02]} Nxe3 {[%clk
0:20:54]} 40. fxe3 {[%clk 0:05:30]} Rb1 {[%clk 0:21:14]} 0-1

[Event "Deutsche Ländermeisterschaft 2021"]
[Site "Neumünster GER"]
[Date "2021.10.02"]
[Round "2"]
[White "Arnhold, Steffi"]
[Black "Yue, Qizhou"]
[Result "1/2-1/2"]
[Termination "normal"]
[Board "1.5"]
[WhiteElo "2094"]
[BlackElo "1842"]
[WhiteClock "00:05:17"]
[BlackClock "00:03:26"]
[WhiteTeam "Bayern"]
[BlackTeam "Rheinland-Pfalz"]
[PlyCount "146"]
[WhiteFideId "12931365"]
[BlackFideId "16273800"]
[EventCountry "GER"]
[EventRounds "7"]
[EventType "team-swiss"]
[EventDate "2021.10.01"]

1. e4 {[%clk 1:30:55]} c5 {[%clk 1:30:53]} 2. Nf3 {[%clk 1:31:20]} e6 {[%clk
1:31:15]} 3. d4 {[%clk 1:31:45]} cxd4 4. Nxd4 {[%clk 1:32:10]} a6 {[%clk
1:31:56]} 5. Bd3 {[%clk 1:32:30]} Nf6 {[%clk 1:32:08]} 6. O-O {[%clk 1:32:12]}
Qc7 {[%clk 1:32:00]} 7. Nc3 {[%clk 1:32:20]} Bc5 {[%clk 1:31:33]} 8. Nb3 {[%clk
1:22:36]} Be7 {[%clk 1:30:36]} 9. Bd2 {[%clk 1:21:41]} d6 {[%clk 1:24:55]} 10.
f4 {[%clk 1:18:56]} Nbd7 {[%clk 1:22:54]} 11. Kh1 {[%clk 1:18:51]} b5 {[%clk
1:20:23]} 12. a3 {[%clk 1:18:22]} Bb7 {[%clk 1:20:01]} 13. Qf3 {[%clk 1:16:46]}
Nc5 {[%clk 1:02:13]} 14. Rae1 {[%clk 1:13:37]} O-O {[%clk 0:54:39]} 15. Qh3
{[%clk 1:09:23]} Nxd3 {[%clk 0:48:20]} 16. cxd3 {[%clk 1:09:46]} Nd7 {[%clk
0:46:10]} 17. Nd4 {[%clk 1:06:44]} Bf6 {[%clk 0:39:40]} 18. Nf3 {[%clk
1:04:54]} Nc5 {[%clk 0:37:58]} 19. d4 {[%clk 0:58:40]} Nb3 {[%clk 0:35:56]} 20.
Be3 {[%clk 0:58:11]} Qc4 {[%clk 0:31:34]} 21. e5 {[%clk 0:47:23]} dxe5 {[%clk
0:29:56]} 22. fxe5 {[%clk 0:44:42]} Be7 {[%clk 0:29:24]} 23. Ne2 {[%clk
0:34:34]} Rad8 {[%clk 0:24:13]} 24. Ng5 {[%clk 0:22:32]} h6 {[%clk 0:21:10]}
25. Nf3 {[%clk 0:22:37]} Qc2 {[%clk 0:15:36]} 26. Nf4 {[%clk 0:12:55]} Bd5
{[%clk 0:05:40]} 27. Rf2 {[%clk 0:09:41]} Qh7 {[%clk 0:05:06]} 28. Ne2 {[%clk
0:03:40]} Na5 {[%clk 0:04:10]} 29. Nd2 {[%clk 0:03:06]} Rc8 {[%clk 0:03:53]}
30. Nc3 {[%clk 0:03:12]} Bb7 {[%clk 0:03:43]} 31. Ref1 {[%clk 0:02:18]} Qg6
{[%clk 0:03:06]} 32. Ne2 {[%clk 0:02:32]} Rc2 {[%clk 0:01:50]} 33. b4 {[%clk
0:02:48]} Nc4 {[%clk 0:01:48]} 34. Nxc4 {[%clk 0:03:00]} Rxc4 {[%clk 0:01:41]}
35. Nf4 {[%clk 0:03:18]} Qf5 {[%clk 0:01:22]} 36. Qxf5 {[%clk 0:02:26]} exf5
{[%clk 0:01:47]} 37. Rd2 {[%clk 0:02:45]} Rc3 {[%clk 0:01:53]} 38. Rd3 {[%clk
0:02:15]} Rc2 {[%clk 0:01:57]} 39. d5 {[%clk 0:02:06]} g5 {[%clk 0:02:01]} 40.
Nh5 {[%clk 0:02:10]} f4 {[%clk 0:01:48]} 41. Bg1 {[%clk 0:00:54]} Kh7 {[%clk
0:29:31]} 42. Bc5 {[%clk 0:21:28]} Bxc5 {[%clk 0:21:20]} 43. bxc5 {[%clk
0:21:53]} Rd8 {[%clk 0:21:19]} 44. g3 {[%clk 0:15:07]} Kg6 {[%clk 0:19:29]} 45.
Nf6 {[%clk 0:15:27]} fxg3 {[%clk 0:14:28]} 46. hxg3 {[%clk 0:15:49]} Rxc5
{[%clk 0:14:23]} 47. Rfd1 {[%clk 0:15:20]} Kf5 {[%clk 0:12:38]} 48. Rf3+ {[%clk
0:08:50]} Kxe5 {[%clk 0:10:58]} 49. Re1+ {[%clk 0:07:08]} Kd6 {[%clk 0:10:42]}
50. Ne4+ {[%clk 0:07:29]} Kxd5 {[%clk 0:09:55]} 51. Rd3+ {[%clk 0:07:52]} Ke5
{[%clk 0:09:24]} 52. Rxd8 {[%clk 0:08:15]} Bxe4+ {[%clk 0:09:33]} 53. Kg1
{[%clk 0:08:27]} f5 {[%clk 0:08:13]} 54. g4 {[%clk 0:08:38]} Kf4 {[%clk
0:07:14]} 55. gxf5 {[%clk 0:08:26]} Rxf5 {[%clk 0:06:00]} 56. Rh8 {[%clk
0:06:42]} Rf6 {[%clk 0:05:02]} 57. Re8 {[%clk 0:06:40]} Bd3 {[%clk 0:04:19]}
58. Rd8 {[%clk 0:05:03]} Bc4 {[%clk 0:04:30]} 59. Rd4+ {[%clk 0:05:26]} Kf5
{[%clk 0:04:27]} 60. Re3 {[%clk 0:04:27]} Re6 {[%clk 0:04:04]} 61. Rxe6 {[%clk
0:04:40]} Kxe6 {[%clk 0:04:20]} 62. Rd8 {[%clk 0:05:04]} h5 {[%clk 0:04:02]}
63. Ra8 {[%clk 0:04:45]} b4 {[%clk 0:04:09]} 64. axb4 {[%clk 0:05:10]} h4
{[%clk 0:04:07]} 65. Rc8 {[%clk 0:04:36]} Bb5 {[%clk 0:04:23]} 66. Rc5 {[%clk
0:04:50]} Kf6 {[%clk 0:04:34]} 67. Kg2 {[%clk 0:04:44]} Kg6 {[%clk 0:04:43]}
68. Kh2 {[%clk 0:04:50]} Kh5 {[%clk 0:04:40]} 69. Rc7 {[%clk 0:04:00]} Kg4
{[%clk 0:04:43]} 70. Rf7 {[%clk 0:04:19]} Bd3 {[%clk 0:03:54]} 71. Rf6 {[%clk
0:04:43]} Bb5 {[%clk 0:03:33]} 72. Kg2 {[%clk 0:04:57]} Bc4 {[%clk 0:03:26]}
73. Kh2 {[%clk 0:05:17]} Bb5 1/2-1/2

[Event "Deutsche Ländermeisterschaft 2021"]
[Site "Neumünster GER"]
[Date "2021.10.02"]
[Round "2"]
[White "Colditz, Elias"]
[Black "Albert, Markus"]
[Result "0-1"]
[Termination "normal"]
[Board "1.6"]
[WhiteElo "1606"]
[BlackElo "1938"]
[WhiteClock "00:03:03"]
[BlackClock "00:07:23"]
[WhiteTeam "Rheinland-Pfalz"]
[BlackTeam "Bayern"]
[PlyCount "76"]
[WhiteFideId "16298039"]
[BlackFideId "16292626"]
[EventCountry "GER"]
[EventRounds "7"]
[EventType "team-swiss"]
[EventDate "2021.10.01"]

1. e4 {[%clk 1:30:57]} e5 {[%clk 1:30:43]} 2. Nf3 {[%clk 1:31:18]} Nf6 {[%clk
1:30:53]} 3. Nxe5 {[%clk 1:31:00]} d6 {[%clk 1:20:52]} 4. Nf3 {[%clk 1:30:36]}
Nxe4 {[%clk 1:21:10]} 5. d3 {[%clk 1:26:06]} Nf6 {[%clk 1:21:18]} 6. Be2 {[%clk
1:25:28]} d5 {[%clk 1:21:23]} 7. d4 {[%clk 1:25:08]} Bd6 {[%clk 1:21:35]} 8.
O-O {[%clk 1:24:56]} h6 {[%clk 1:21:27]} 9. Re1 {[%clk 1:25:02]} O-O {[%clk
1:21:42]} 10. Nc3 {[%clk 1:24:29]} c6 {[%clk 1:21:36]} 11. h3 {[%clk 1:20:50]}
Bf5 {[%clk 1:19:52]} 12. Bd3 {[%clk 1:20:38]} Bxd3 {[%clk 1:06:13]} 13. Qxd3
{[%clk 1:20:45]} Na6 {[%clk 1:06:37]} 14. a3 {[%clk 1:17:33]} Nc7 {[%clk
0:59:25]} 15. Ne5 {[%clk 1:14:24]} Ne6 {[%clk 0:55:04]} 16. b3 {[%clk 0:48:45]}
Re8 {[%clk 0:50:33]} 17. Bb2 {[%clk 0:44:33]} Qc7 {[%clk 0:39:19]} 18. Rad1
{[%clk 0:35:29]} Rad8 {[%clk 0:31:00]} 19. Na4 {[%clk 0:28:22]} Ne4 {[%clk
0:23:27]} 20. c4 {[%clk 0:27:25]} f6 {[%clk 0:16:03]} 21. Ng4 {[%clk 0:20:51]}
h5 {[%clk 0:14:11]} 22. Ne3 {[%clk 0:20:26]} Nf4 {[%clk 0:14:03]} 23. Qc2
{[%clk 0:20:22]} Qf7 {[%clk 0:14:14]} 24. c5 {[%clk 0:16:30]} Bb8 {[%clk
0:12:50]} 25. f3 {[%clk 0:15:51]} Ng3 {[%clk 0:11:53]} 26. Nc3 {[%clk 0:12:54]}
Qc7 {[%clk 0:08:39]} 27. Nf1 {[%clk 0:11:04]} Ne6 {[%clk 0:06:29]} 28. Qg6
{[%clk 0:10:37]} Qf7 {[%clk 0:04:17]} 29. Qxf7+ Kxf7 {[%clk 0:04:44]} 30. Ne2
{[%clk 0:06:53]} Nxe2+ {[%clk 0:04:53]} 31. Rxe2 {[%clk 0:07:12]} Nf4 {[%clk
0:05:18]} 32. Red2 {[%clk 0:05:48]} Re6 {[%clk 0:05:31]} 33. Bc1 {[%clk
0:04:26]} Rde8 {[%clk 0:05:33]} 34. Rf2 {[%clk 0:04:18]} Ne2+ {[%clk 0:04:58]}
35. Kh1 {[%clk 0:04:43]} Ng3+ {[%clk 0:04:53]} 36. Kg1 {[%clk 0:03:03]} Re1
{[%clk 0:06:57]} 37. Rxe1 {[%clk 0:02:54]} Rxe1 {[%clk 0:07:20]} 38. Bb2 {[%clk
0:03:03]} Bf4 {[%clk 0:07:23]} 0-1

[Event "Deutsche Ländermeisterschaft 2021"]
[Site "Neumünster GER"]
[Date "2021.10.02"]
[Round "2"]
[White "Huber, Benedikt"]
[Black "Müller, Riyanna"]
[Result "1-0"]
[Termination "normal"]
[Board "1.7"]
[WhiteElo "1722"]
[BlackElo "1505"]
[WhiteClock "00:02:51"]
[BlackClock "00:05:44"]
[WhiteTeam "Bayern"]
[BlackTeam "Rheinland-Pfalz"]
[PlyCount "87"]
[WhiteFideId "16281225"]
[BlackFideId "16287401"]
[EventCountry "GER"]
[EventRounds "7"]
[EventType "team-swiss"]
[EventDate "2021.10.01"]

1. e4 {[%clk 1:30:55]} e5 {[%clk 1:30:32]} 2. Nf3 {[%clk 1:31:18]} Nc6 {[%clk
1:30:41]} 3. d4 exd4 {[%clk 1:30:38]} 4. Nxd4 {[%clk 1:32:04]} Bc5 {[%clk
1:30:38]} 5. Nb3 {[%clk 1:32:23]} Bb6 {[%clk 1:30:47]} 6. Nc3 {[%clk 1:32:49]}
Nf6 {[%clk 1:30:26]} 7. Qe2 {[%clk 1:33:03]} d6 {[%clk 1:26:41]} 8. Be3 {[%clk
1:30:09]} Be6 {[%clk 1:21:53]} 9. f3 {[%clk 1:27:22]} Qe7 {[%clk 1:19:48]} 10.
O-O-O {[%clk 1:26:29]} Ne5 {[%clk 1:14:21]} 11. Bxb6 {[%clk 1:18:18]} axb6
{[%clk 1:13:57]} 12. Kb1 {[%clk 1:16:35]} Bc4 {[%clk 1:06:59]} 13. Qf2 {[%clk
1:11:09]} Ba6 {[%clk 1:01:32]} 14. Nd4 {[%clk 1:06:04]} O-O {[%clk 0:48:51]}
15. Nf5 {[%clk 1:03:45]} Qe6 {[%clk 0:47:25]} 16. g4 {[%clk 1:00:55]} Bxf1
{[%clk 0:40:38]} 17. Rdxf1 {[%clk 0:55:27]} Ng6 {[%clk 0:35:38]} 18. h4 {[%clk
0:47:45]} Ne7 {[%clk 0:33:32]} 19. Rfg1 {[%clk 0:43:38]} g6 {[%clk 0:32:05]}
20. Nd4 {[%clk 0:35:11]} Qc4 {[%clk 0:30:10]} 21. h5 {[%clk 0:24:28]} Kg7
{[%clk 0:27:23]} 22. Nb3 {[%clk 0:19:41]} Nc6 {[%clk 0:23:52]} 23. Qh4 {[%clk
0:17:12]} h6 {[%clk 0:21:50]} 24. hxg6 {[%clk 0:16:53]} fxg6 {[%clk 0:22:09]}
25. Qxh6+ {[%clk 0:17:17]} Kf7 {[%clk 0:22:20]} 26. Qe3 {[%clk 0:09:54]} Rae8
{[%clk 0:19:25]} 27. g5 {[%clk 0:08:02]} Nh5 {[%clk 0:18:23]} 28. Qf2 {[%clk
0:05:41]} Kg7 {[%clk 0:17:09]} 29. Rh4 {[%clk 0:04:02]} Ne5 {[%clk 0:15:07]}
30. f4 {[%clk 0:03:07]} Qf7 {[%clk 0:14:18]} 31. f5 {[%clk 0:02:30]} Kg8 {[%clk
0:12:08]} 32. Rgh1 {[%clk 0:01:58]} Qd7 {[%clk 0:07:36]} 33. Nd5 {[%clk
0:01:33]} Nf7 {[%clk 0:05:43]} 34. Rxh5 {[%clk 0:01:49]} Nxg5 {[%clk 0:05:05]}
35. Rh8+ {[%clk 0:01:49]} Kg7 {[%clk 0:05:15]} 36. f6+ {[%clk 0:02:05]} Kf7
{[%clk 0:05:06]} 37. R8h7+ {[%clk 0:02:10]} Nxh7 {[%clk 0:05:13]} 38. Rxh7+
{[%clk 0:02:36]} Ke6 {[%clk 0:05:36]} 39. Rxd7 {[%clk 0:03:01]} Kxd7 {[%clk
0:05:56]} 40. Qg3 {[%clk 0:03:22]} Rxe4 {[%clk 0:05:32]} 41. Qh3+ {[%clk
0:02:20]} Ke8 {[%clk 0:05:05]} 42. Qc8+ {[%clk 0:02:27]} Kf7 {[%clk 0:05:27]}
43. Qd7+ {[%clk 0:02:51]} Kg8 {[%clk 0:05:44]} 44. Qg7# 1-0

[Event "Deutsche Ländermeisterschaft 2021"]
[Site "Neumünster GER"]
[Date "2021.10.02"]
[Round "2"]
[White "Huang, Luca Hanson"]
[Black "Bauer, Laura Sophie"]
[Result "0-1"]
[Termination "normal"]
[Board "1.8"]
[WhiteElo "1519"]
[BlackElo "1357"]
[WhiteClock "00:49:52"]
[BlackClock "01:03:27"]
[WhiteTeam "Rheinland-Pfalz"]
[BlackTeam "Bayern"]
[PlyCount "52"]
[WhiteFideId "16279182"]
[BlackFideId "16253647"]
[EventCountry "GER"]
[EventRounds "7"]
[EventType "team-swiss"]
[EventDate "2021.10.01"]

1. e4 {[%clk 1:30:51]} c5 {[%clk 1:30:52]} 2. Nf3 {[%clk 1:31:13]} Nc6 {[%clk
1:31:18]} 3. d4 {[%clk 1:31:20]} cxd4 4. Nxd4 {[%clk 1:31:38]} g6 {[%clk
1:32:07]} 5. Nc3 {[%clk 1:31:50]} Bg7 {[%clk 1:32:15]} 6. Be3 {[%clk 1:31:53]}
Nf6 {[%clk 1:32:23]} 7. Bc4 {[%clk 1:31:40]} Qa5 {[%clk 1:32:15]} 8. O-O {[%clk
1:31:35]} O-O {[%clk 1:32:17]} 9. Bb3 {[%clk 1:31:06]} d6 {[%clk 1:26:06]} 10.
h3 {[%clk 1:30:39]} Bd7 {[%clk 1:24:01]} 11. Qd2 {[%clk 1:26:56]} Nxd4 {[%clk
1:09:44]} 12. Bxd4 {[%clk 1:26:58]} Nxe4 {[%clk 1:09:15]} 13. Nxe4 {[%clk
1:24:05]} Qxd2 {[%clk 1:08:52]} 14. Nxd2 {[%clk 1:23:30]} Bxd4 {[%clk 1:09:16]}
15. c3 {[%clk 1:22:48]} Bg7 {[%clk 1:08:56]} 16. Rfe1 {[%clk 1:21:44]} e6
{[%clk 1:08:41]} 17. Ne4 {[%clk 1:21:32]} d5 {[%clk 1:07:51]} 18. Rad1 {[%clk
1:21:20]} Bc6 {[%clk 1:06:40]} 19. Nc5 {[%clk 1:17:53]} Rfd8 {[%clk 1:04:35]}
20. Ba4 {[%clk 1:15:30]} Bxa4 {[%clk 1:04:08]} 21. Nxa4 {[%clk 1:15:13]} Rac8
{[%clk 1:04:04]} 22. b3 {[%clk 1:03:53]} b5 {[%clk 1:03:49]} 23. Nb2 {[%clk
1:02:42]} Rxc3 {[%clk 1:03:39]} 24. Re2 {[%clk 0:59:33]} Rdc8 {[%clk 1:03:15]}
25. Kf1 {[%clk 0:50:33]} Rc1 {[%clk 1:03:07]} 26. Ke1 {[%clk 0:49:52]} Bc3+
{[%clk 1:03:27]} 0-1